000 00363nam a2200133Ia 4500
005 20260326235438.0
008 260326s9999||||xx |||||||||||||| ||und||
100 _aPalm, Erwin Walter
245 0 _aLos Monumentos Arquitectónicos de La Española /
_cErwin Walter Palm
260 _bSeix Barral
300 _a217 p.
650 _aARQUITECTURA COLONIAL
942 _cBK
999 _c7290
_d7290